Michelangelo Pistoletto (Record no. 120423)

MARC details
000 -LEADER
campo de control de longitud fija 00681nam a2200181 4500
001 - NÚMERO DE CONTROL
campo de control 120423
003 - IDENTIFICADOR DE NÚMERO DE CONTROL
campo de control ES-MaACL
005 - FECHA Y HORA DE LA ÚLTIMA TRANSACCIÓN
campo de control 20250818063055.0
007 - CAMPO FIJO DE DESCRIPCIÓN FÍSICA--INFORMACIÓN GENERAL
campo de control de longitud fija t|
008 - DATOS DE LONGITUD FIJA--INFORMACIÓN GENERAL
campo de control de longitud fija 070214s1983 sp r ||||1| spa d
100 1# - ENTRADA PRINCIPAL--NOMBRE DE PERSONA
Nombre de persona Pistoletto, Michelangelo,
Fechas asociadas al nombre 1933-
9 (RLIN) 237814
245 10 - MENCIÓN DEL TÍTULO
Título Michelangelo Pistoletto
Resto del título : [exposición] : Palacio de Cristal, Parque del Retiro, Madrid, octubre-diciembre 1983.
260 ## - PUBLICACIÓN, DISTRIBUCIÓN, ETC.
Lugar de publicación, distribución, etc. Madrid :
Nombre del editor, distribuidor, etc. Dirección General de Bellas Artes y Archivos,
Fecha de publicación, distribución, etc. 1983.
300 ## - DESCRIPCIÓN FÍSICA
Extensión 240 p., 84 lám. :
Otras características físicas il. ;
Dimensiones 29 cm.
710 1# - ENTRADA AGREGADA--NOMBRE DE ENTIDAD CORPORATIVA
Nombre de entidad corporativa o nombre de jurisdicción como elemento de entrada España.
Unidad subordinada Dirección General de Bellas Artes y Archivos.
9 (RLIN) 3708
852 ## - LOCALIZACIÓN
Ubicación ES-MaACL
Número de control de estantería L-5555
Sublocalización o colección R.105841
Holdings
Estatus retirado Estado de pérdida Estado de daño No para préstamo Biblioteca de origen Biblioteca actual Ubicación en estantería Fecha de adquisición Fuente de adquisición Total de préstamos Signatura topográfica completa Código de barras Visto por última vez Precio de reemplazo Tipo de ítem Koha
        Biblioteca del Ateneo de Madrid Biblioteca del Ateneo de Madrid Depósito 2 17/01/2008     L-5555 1125520 23/02/2023 23/02/2023 Libro impreso